| Поле | Инд. | ПП | Название | Значение |
|---|---|---|---|---|
| Тип записи | a | |||
| Библиографический уровень | b | |||
| 001 | Контрольный номер | UNIDUBNA12b3b328c72a4507abbe2d7a33bdd17d | ||
| 005 | Дата корректировки | 20260528225003.1 | ||
| 084 | a | Индекс другой классификации/Индекс ББК | 63.3(2)62-36 | |
| 100 | 1_ | a | Автор | Петрушкин А. |
| q | Полное имя | Петрушкин Александр | ||
| 245 | 10 | a | Заглавие | Тюремный генерал |
| 650 | 04 | a | Основная рубрика | история |
| 653 | 0_ | a | Ключевые слова | XX век |
| a | Ключевые слова | Россия | ||
| 773 | 18 | t | Заглавие источника | Родина |
| d | Дата издания источника | 2005 | ||
| g | Прочая информация | № 2. - С. 34-37 | ||
| w | Контрольный № источника | RU/IS/BASE/163349940 | ||
| 901 | t | Тип документа | b |